000 00859nam a2200265 a 4500
001 63128
003 BD-RjUL
005 20211209081149.0
008 170128s vau 000 0 eng d
035 _a(BD-RjUL)63256
040 _aDLC
_cDLC
_dBD-RjUL
_beng
041 _aeng
082 0 0 _a979.004972
_222
_bCRL 1868
100 1 _aCremony, John C.
_q(John Carey),
_d1815-1879.
_9187832
245 1 0 _aLife among the Apaches /
_cby John C. Cremony.
260 _aAlexandria, Va. :
_bTime-Life Books,
_c1868
300 _a322 p. ;
_c22 cm.
490 1 _aClassics of the Old West
500 _aReprint of the 1868 ed. published by A. Roman, San Francisco.
600 1 0 _aCremony, John C.
_q(John Carey),
_d1815-1879.
_9187835
650 0 _aApache Indians.
_9187833
830 0 _aClassics of the Old West
_9187836
942 _2ddc
_cBK
999 _c63128
_d63128